Indonesia - Statistics

General Stats
  • This quiz has been taken 54 times
  • The average score is 9 of 20
Answer Stats
Hint Answer % Correct
What island is the most visited by tourists? Bali
100%
What is its capital, which is located on Java island? Jakarta
94%
What are the two colours of its flag (two equal horizontal bands)? Red and white
92%
What is the dominant religion? Islam
82%
Who is its actual president (2018)? Joko Widodo
59%
What western country colonised it first? Portugal
53%
What is the world's largest Buddhist temple, near Muntilan, Java? Borobudur
49%
When did it proclaim its independence? 1945
45%
In what year did the Kerusuhan Mei riots happen? 1998
45%
From what island is the pygmy elephant native to? Borneo
43%
With which other country does it dispute the Ambalat Block territory? Malaysia
41%
What are the shared names of the first satellites launched by Indonesia? Palapa
41%
What would you find dumped in a ketupat dish? Rice
35%
What is the name of the Indonesian state-owned oil and gas multinational company? Pertamina
33%
What is the highest summit? Puncak Jaya
27%
From what family language does Indonesian come from? Austronesian
18%
From what specie of archaic human did the Java Man belong to? Homo erectus
16%
What does its name mean (from Greek Indos and Nesos)? Indian islands
12%
What giant flower is endemic to Java and Sumatra? Corpse lily
10%
Of what agricultural production is it the world's leader? Palm oil
10%
No matching quizzes found
Score Distribution
Percent of People with Each Score
Percentile by Number Answered
Your Score History
You have not taken this quiz